Schaum's outline of theory and problems of business statistics /

محفوظ في:
التفاصيل البيبلوغرافية
المؤلف الرئيسي: Kazmier, Leonard J.
مؤلفون آخرون: Kazmier. J. Leonard
التنسيق: كتاب
منشور في: New York : McGraw-Hill, c1976.
سلاسل:Schaum's outline series. Schaum's outline series in business
الموضوعات:
الوسوم: إضافة وسم
لا توجد وسوم, كن أول من يضع وسما على هذه التسجيلة!

MARC

LEADER 00000cam a2200000 i 4500
005 20251002110818.0
020 |a 0070587426 :  |c TZS 17118.68 
040 |a MCCL  |b eng.  |e AACR 2nd. ed. rev. 
082 0 0 |a 519.5 KAZ 
100 1 |a Kazmier, Leonard J. 
245 1 0 |a Schaum's outline of theory and problems of business statistics /  |c by Leonard J. Kazmier. 
260 |a New York :  |b McGraw-Hill,  |c c1976. 
300 |a []xi] 375 p. :  |b graphs ;  |c 27 cm. 
440 0 |a Schaum's outline series.  |p Schaum's outline series in business 
504 |a Includes index. 
650 0 |a Statistics. 
650 0 |a Commercial statistics. 
700 |a Kazmier. J. Leonard 
942 |c BK 
999 |c 11601  |d 11601